000 00382nam a2200169Ia 4500
008 230524s9999 xx 000 0 und d
020 _a9788183331630
082 _a4
_bKAN
100 _aYashavant Kanetkar
245 0 _aLet Us C
250 _a3RD
260 _aNEW DELHI
_bBPB
_c1999
300 _aXX;772
500 _aQuantity Number: 318
650 _aComp-Sc
942 _cBK
999 _c15227
_d15227